| 000 | 00572nam a22001937a 4500 | ||
|---|---|---|---|
| 999 |
_c6970 _d6970 |
||
| 003 | OSt | ||
| 005 | 20210601102115.0 | ||
| 008 | 210601b ||||| |||| 00| 0 eng d | ||
| 020 | _a0198540892 | ||
| 040 | _cDDC | ||
| 082 | _a595.7HAS 2000. | ||
| 100 |
_aHassell,P.Micheal; _914303 |
||
| 245 | _aThe Spatial and Tempral Dynamics of Host-Parasitoid Interactions. | ||
| 260 |
_aOxford, _bOxford university Press. _c2000. |
||
| 300 |
_aviii,200p; _bill, _c24cm. |
||
| 504 | _aincludes notes , epilogue ,references and index | ||
| 650 |
_aEcology _9544 |
||
| 942 |
_2ddc _cO_SHELF |
||